[Event "World Amateur Championship"]
[Site "Neos Marmaras GRE"]
[Date "2012.04.17"]
[Round "2"]
[White "Moreno,Jaime Alberto"]
[Black "Suuronen,P"]
[Result "1-0"]
[WhiteElo "1978"]
[BlackElo "1886"]

1.d4 d6 2.e4 Nf6 3.Nc3 e5 4.d5 g6 5.Bg5 Nbd7 6.Qd2 Be7 7.h4 c6 8.Nge2 Nb6
9.Ng3 Bd7 10.O-O-O cxd5 11.exd5 Qc7 12.Bxf6 Bxf6 13.Nge4 Be7 14.f4 f5 15.Ng5 Bxg5
16.hxg5 e4 17.Qd4 O-O-O 18.g4 a6 19.gxf5 gxf5 20.g6 Qc5 21.g7 Qxd4 22.Rxd4 Rhg8
23.Rxh7 Kc7 24.Rd2 Nc8 25.Rg2 Ne7 26.a4 Be8 27.Rh6 Bf7 28.Bc4 Rd7 29.a5 b5
30.axb6+ Kxb6 31.b3 Rc8 32.Kd2 Rg8 33.Ke3 Rc8 34.Kd4 Rg8 35.Rg5 a5 36.Rf6 Bg6
37.Nb5 Rxg7 38.Nxd6 Kc7 39.Ne8+ Bxe8 40.Rxg7 Kc8 41.Rg5 Kc7 42.Kc5 Kd8 43.d6 Nc6
44.Bb5 Nb8 45.Rf8 e3 46.Rgg8  1-0

[Event "World Amateur Championship"]
[Site "Neos Marmaras GRE"]
[Date "2012.04.17"]
[Round "2"]
[White "Nikoleris,E"]
[Black "Ruffenach,A"]
[Result "1-0"]
[WhiteElo "1866"]
[BlackElo "1971"]

1.e4 d6 2.d4 Nf6 3.Nc3 Nbd7 4.Be3 e5 5.f3 c6 6.Qd2 a6 7.O-O-O b5 8.g4 Be7
9.h4 Qc7 10.g5 Nh5 11.Bh3 Nb6 12.dxe5 Nc4 13.Qf2 Nxe3 14.Qxe3 dxe5 15.Nge2 Bxh3
16.Rxh3 O-O 17.Ng3 Nf4 18.Rhh1 Rfd8 19.Nf5 Bb4 20.Ne2 Qa5 21.a3 Nxe2+ 22.Qxe2 Bf8
23.Kb1 b4 24.axb4 Rxd1+ 25.Rxd1 Qxb4 26.Qd2 Qxd2 27.Rxd2 g6 28.Nh6+ Bxh6
29.gxh6 Kf8 30.Rd7 Rc8 31.Kc1 Ke8 32.Ra7 Rd8 33.Rxa6 Kd7 34.Ra7+ Ke6 35.Rc7 Rd6
36.Rc8 Kf6 37.Rh8 g5 38.h5 Ke7 39.Rxh7 Rf6 40.Rg7 Rxh6 41.Rxg5 f6 42.Rf5 Rh8
43.b4 Rg8 44.Kb2 Rg2 45.Kb3 Rg1 46.Kc4 Rc1 47.c3 Ke6 48.h6 Rh1 49.Kc5 Rxh6
50.Kxc6 Rh8 51.c4 Rb8 52.Kc5 Rc8+ 53.Kb5 Rb8+ 54.Ka4 Ra8+ 55.Kb3 Rh8 56.c5 Rh1
57.Kc4 Rh2 58.Kb5 Rh8 59.c6 Rb8+ 60.Kc5 Rh8 61.b5 Rh1 62.Kb6 Rc1 63.Kb7 Ke7
64.b6  1-0

[Event "34th ch-ITA Seniors 2012"]
[Site "Arvier ITA"]
[Date "2012.04.18"]
[Round "5.5"]
[White "Beltrami,N"]
[Black "Colombo,P"]
[Result "0-1"]
[WhiteElo "1934"]
[BlackElo "2119"]

1.e4 d6 2.d4 Nf6 3.Nc3 c6 4.a4 Qa5 5.Bd3 e5 6.Ne2 Be7 7.O-O Bg4 8.f3 Bh5
9.Be3 Nbd7 10.Qd2 Bg6 11.b4 Qc7 12.a5 O-O 13.Na4 d5 14.dxe5 Nxe5 15.Nf4 dxe4
16.fxe4 Rad8 17.Bc5 Nxe4 18.Qe2 Nxc5 19.Nxc5 Rfe8 20.Qf2 Bd6 21.g3 Re7 22.a6 b6
23.Nb7 Nxd3 24.cxd3 Bxb4 25.Qf3 Rde8 26.Rac1 Re1 27.Rc4 Bd2 28.d4 Qd7 29.Kh1 Rxf1+
30.Qxf1 Re1  0-1

[Event "4th Alexander the Great Open"]
[Site "Neos Marmaras GRE"]
[Date "2012.04.18"]
[Round "4"]
[White "Skytte,R"]
[Black "Stojanovic,Andj"]
[Result "1-0"]
[WhiteElo "2376"]
[BlackElo "2324"]

1.e4 d6 2.d4 Nf6 3.Nc3 e5 4.Nf3 exd4 5.Nxd4 Be7 6.Be2 O-O 7.Bf4 Nc6 8.O-O Nxd4
9.Qxd4 Be6 10.Rad1 Nd7 11.Nd5 Bxd5 12.Qxd5 Nc5 13.e5 c6 14.Qf3 d5 15.c4 d4
16.Bc1 Bg5 17.b4 Ne6 18.Ba3 a5 19.b5 Be7 20.Bxe7 Qxe7 21.bxc6 bxc6 22.Qxc6 Nf4
23.Bf3 Rac8 24.Qe4 Ne6 25.Qd3 Rfd8 26.Bd5 Rc5 27.Qe4 Qc7 28.f4 Rxc4 29.Bxc4 Qxc4
30.f5 Nc5 31.Qf4 Nd3 32.Qg5  1-0

[Event "Russian Junior Girls 2012"]
[Site "Sochi RUS"]
[Date "2012.04.18"]
[Round "2"]
[White "Balaian,Ali"]
[Black "Petrova,O"]
[Result "1-0"]
[WhiteElo "2203"]
[BlackElo "2250"]

1.e4 d6 2.d4 Nf6 3.Nc3 c6 4.f4 Qa5 5.Bd3 e5 6.Nf3 Nbd7 7.O-O Be7 8.Ne2 d5
9.Nxe5 dxe4 10.Bc4 O-O 11.Ng3 Nb6 12.Bb3 c5 13.c3 cxd4 14.cxd4 Be6 15.Bc2 Rad8
16.Nxe4 Qb4 17.f5 Rxd4 18.Nxf6+ Bxf6 19.Nd3 Rxd3 20.Bxd3 Bc4 21.Bxc4 Nxc4
22.Qb3 Qc5+ 23.Kh1 b5 24.Bf4 Bxb2 25.Rab1 Bd4 26.Qxb5 Ne3 27.Qxc5 Bxc5 28.Rfc1 Bd4
29.Rb4 Nxf5 30.g4 Be3 31.Rd1 Bxf4 32.Rxf4 Ne7 33.Ra4 Nc8 34.Rc4 g6 35.Rc7 Kg7
36.Rdc1 Nd6 37.Rxa7 Re8 38.Rc2 Re4 39.h3 Re3 40.Kg2 Ne4 41.a4 Ng5 42.Rf2 Kg8
43.h4  1-0

[Event "Belgrade Cup Final 2012"]
[Site "Belgrade SRB"]
[Date "2012.04.19"]
[Round "2.7"]
[White "Hrzic,I"]
[Black "Mitrovic,Rat"]
[Result "1-0"]
[WhiteElo "2290"]
[BlackElo "1892"]

1.e4 d6 2.d4 Nf6 3.Nc3 c6 4.f3 g6 5.Be3 Nbd7 6.Qd2 Bg7 7.Nge2 O-O 8.Nf4 Qa5
9.Be2 e5 10.dxe5 dxe5 11.Nd3 Nb6 12.b3 Nbd7 13.O-O Rd8 14.Rfd1 Bf8 15.a3 Be7
16.Nd5 Nxd5 17.Qxa5 Nxe3 18.Rdc1 f5 19.Qc3 f4 20.b4 Bd6 21.Nb2 Nb6 22.Qb3+ Kg7
23.Nd1 Nxd1 24.Rxd1 Kf6 25.c4 Be6 26.Kh1 c5 27.Qc3 Rac8 28.b5 g5 29.g3 h5
30.gxf4 gxf4 31.a4 Bc7 32.Qe1 Rg8 33.Qh4+ Rg5 34.Rg1 Rg8 35.Rxg5 Rxg5 36.Rg1 Bg4
37.fxg4  1-0

[Event "4th Alexander the Great Open"]
[Site "Neos Marmaras GRE"]
[Date "2012.04.20"]
[Round "6"]
[White "Kanmazalp,O"]
[Black "Stojanovic,Andj"]
[Result "0-1"]
[WhiteElo "2389"]
[BlackElo "2324"]

1.e4 d6 2.d4 Nf6 3.Nc3 e5 4.Nf3 exd4 5.Nxd4 Be7 6.g3 d5 7.e5 Ng4 8.Bg2 O-O
9.f4 c6 10.O-O f6 11.exf6 Nxf6 12.f5 Na6 13.Bf4 Nc5 14.Kh1 Nfe4 15.Nxe4 Nxe4
16.c4 Bxf5 17.cxd5 cxd5 18.Qb3 Kh8 19.Qxb7 Qd7 20.Qb3 Bh3 21.Rad1 Bxg2+ 22.Kxg2 Bf6
23.Nf3 Rad8 24.Qe3 Qb7 25.Nd4 Rfe8 26.Qb3 Qxb3 27.axb3 Rc8 28.Nb5 Rc2+ 29.Kg1 Bg5
30.Bxg5 Nxg5 31.Rxd5 h6 32.Nd6 Ree2 33.Nf7+ Kg8  0-1

[Event "ch-BUL 2012"]
[Site "Panagyurishte BUL"]
[Date "2012.04.20"]
[Round "3.5"]
[White "Marholev,D"]
[Black "Janev,E"]
[Result "1-0"]
[WhiteElo "2383"]
[BlackElo "2484"]

1.e4 d6 2.d4 Nf6 3.Nc3 e5 4.Nf3 Nbd7 5.Bc4 Be7 6.O-O O-O 7.a4 c6 8.Re1 exd4
9.Nxd4 Ne5 10.Be2 Re8 11.Bf4 Bf8 12.Qd2 Ng6 13.Bc4 Nxf4 14.Qxf4 Qb6 15.Qd2 Qc5
16.Bb3 Bd7 17.h3 a6 18.a5 Qh5 19.Qf4 Re5 20.Nf3 Rc5 21.Ne2 Qg6 22.Ng3 Re8
23.e5 Nd5 24.Qd2 Rb5 25.Nd4 Rxb3 26.Nxb3 dxe5 27.Qd1 Bc8 28.Ra4 f5 29.Qh5 Qxh5
30.Nxh5 Kf7 31.Ng3 Nb4 32.c3 Nd3 33.Rb1 e4 34.Nc1 c5 35.Nxd3 exd3 36.Rd1 Rd8
37.c4 Be6 38.b3 g6 39.Ra2 Bh6 40.Nf1 Rd6 41.Ne3 f4 42.Nd5 Bf5 43.h4 f3 44.gxf3 Rxd5
45.cxd5 Ke7 46.Ra4 Kd6 47.Re4 d2 48.Re3 Kxd5 49.Rxd2+ Kc6 50.Rd8 Bg7 51.Kf1 h5
52.Rg8 Bd4 53.Ke2 Bb2 54.Rxg6+ Bxg6 55.Re6+ Kb5 56.Rxg6 Kxa5 57.Kd3 b5 58.Kc2 Bd4
59.f4 Kb4 60.Rxa6  1-0

[Event "Russian Junior Girls 2012"]
[Site "Sochi RUS"]
[Date "2012.04.20"]
[Round "4"]
[White "Rjanova,V"]
[Black "Petrova,O"]
[Result "0-1"]
[WhiteElo "2222"]
[BlackElo "2250"]

1.e4 d6 2.d4 Nf6 3.Nc3 c6 4.f4 Qa5 5.Bd3 e5 6.Nf3 Nbd7 7.Qe2 Be7 8.Bd2 Qc7
9.O-O-O O-O 10.g4 b5 11.g5 Nh5 12.f5 b4 13.Nb1 Qa5 14.Nh4 Nf4 15.Bxf4 exf4
16.f6 gxf6 17.gxf6 Nxf6 18.e5 dxe5 19.dxe5 Bg4 20.Rdg1 Kh8 21.Qg2 Qxe5 22.h3 Nd5
23.hxg4 Bf6 24.c3 bxc3 25.Qe4 cxb2+ 26.Kd2 Qxe4 27.Bxe4 Rad8 28.Ke2 Bd4 29.Rf1 Rfe8
30.Kf3 Be3 31.Ng2 Nf6 32.Bf5 Bc1 33.Re1 Rxe1 34.Rxe1 Nd5 35.Rh1 c5 36.Bxh7 Kg7
37.Be4 Nf6 38.Bc2 Rd4 39.Rd1 Rc4 40.Ne1 Be3 41.Na3 Rb4 42.Nd3 Rb8 43.Nc4 Bd4
44.Bb3 Rh8 45.Nxf4 Rh2 46.Nd2 Rxd2 47.Rb1 Rf2+ 48.Kg3 Ne4+  0-1

[Event "34th ch-ITA Seniors 2012"]
[Site "Arvier ITA"]
[Date "2012.04.21"]
[Round "8.20"]
[White "Lisandri,L"]
[Black "Maestri,Roberto"]
[Result "0-1"]
[WhiteElo "1434"]
[BlackElo "1711"]

1.e4 d6 2.d4 Nf6 3.Nc3 c6 4.Be2 Qa5 5.Qd2 b5 6.Bf3 Nbd7 7.Nge2 e5 8.O-O Be7
9.Qd1 O-O 10.Be3 Bb7 11.Ng3 Rfd8 12.d5 b4 13.Nce2 cxd5 14.exd5 Bxd5 15.Bxd5 Qxd5
16.Nc1 a5 17.Nb3 Qxd1 18.Raxd1 a4 19.Na1 g6 20.h3 d5 21.c3 Rac8 22.cxb4 Bxb4
23.Rd3 d4 24.Bg5 Kg7 25.Ne4 Nxe4 26.Bxd8 Rxd8 27.Rc3 d3 28.Rc6 d2 29.Rd1 Bc5
30.Kf1 Bxf2 31.Nc2 Nb8 32.Rc4 f5 33.Rxa4 Rc8 34.Ke2 Rxc2 35.Rxe4 fxe4 36.Kxf2 Rxb2
37.a4 Kf6 38.Ke3 Nd7 39.a5 Nc5 40.a6 Nxa6 41.Kxe4 Nc5+ 42.Ke3 Nb3 43.Ke4 Rc2  0-1

[Event "34th ch-ITA Seniors 2012"]
[Site "Arvier ITA"]
[Date "2012.04.21"]
[Round "8.11"]
[White "Acunzo,D"]
[Black "Cavatorta,F"]
[Result "0-1"]
[WhiteElo "1717"]
[BlackElo "1929"]

1.e4 d6 2.d4 Nf6 3.Nc3 c6 4.f4 Qa5 5.Bd3 e5 6.Nf3 exd4 7.Nxd4 g6 8.Nf3 Bg7
9.Bd2 Qc7 10.Qe2 O-O 11.O-O-O b5 12.Rde1 Re8 13.e5 dxe5 14.fxe5 Ng4 15.Bf4 Nd7
16.Qd2 Ngxe5 17.Kb1 Bb7 18.h4 Nxf3 19.gxf3 Rxe1+ 20.Rxe1 Qd8 21.h5 Nf6 22.hxg6 fxg6
23.Bg5 Qf8 24.f4 Rd8 25.f5 gxf5 26.Qf4 b4 27.Nd1 Bc8 28.Nf2 Nd5 29.Qh4 Re8
30.Rh1 h6 31.Bd2 a5 32.Bc4 Qe7 33.Qh5 Qf7 34.Qh3 Qf6 35.c3 Kh7 36.Nd1 bxc3
37.Nxc3 Nb6 38.Bd3 Nd5 39.Bc2 Nb4 40.Bd1 f4 41.Qh5 Bf5+ 42.Ka1 Rd8 43.Qe2 Qd6
44.Ne4 Qg6 45.Bxb4 Bxe4 46.Be7 Re8 47.Rg1 Qxg1 48.Qxe4+ Qg6 49.Qxg6+ Kxg6
50.Bc2+ Kf7 51.Bh4 Re2 52.Bb3+ Kg6 53.a4 Rxb2  0-1

[Event "TCh-CAT 2012"]
[Site "Catalunya ESP"]
[Date "2012.04.21"]
[Round "11.8"]
[White "Bravo Barranco,N"]
[Black "Reverte Garcia,J"]
[Result "1/2-1/2"]
[WhiteElo "2238"]
[BlackElo "1958"]

1.e4 d6 2.d4 Nf6 3.Nc3 e5 4.dxe5 dxe5 5.Qxd8+ Kxd8 6.Bc4 Ke8 7.f3 a6 8.Bg5 Be6
9.Bxe6 fxe6 10.Nh3 Bd6 11.Nf2 Nbd7 12.Be3 Ke7 13.Nd3 h6 14.Nd1 c5 15.b3 Rhc8
16.N1b2 b5 17.c4 Nb6 18.a4 bxc4 19.Nxc4 Nxc4 20.bxc4 Rab8 21.Kd2 Nd7 22.Kc3 Rb7
23.Rab1 Rcb8 24.Rxb7 Rxb7 25.Ra1 Rb8 26.Nc1 Rb4  1/2-1/2

[Event "14th Dubai Open 2012"]
[Site "Dubai UAE"]
[Date "2012.04.21"]
[Round "7.16"]
[White "Amin,B"]
[Black "Khukhashvili,S"]
[Result "1/2-1/2"]
[WhiteElo "2608"]
[BlackElo "2408"]

1.e4 d6 2.d4 Nf6 3.Nc3 e5 4.Nf3 Nbd7 5.Be2 Be7 6.g4 h6 7.Rg1 c6 8.a4 exd4
9.Nxd4 Nc5 10.f3 g6 11.Be3 Nh7 12.Qd2 Bh4+ 13.Rg3 Bd7 14.O-O-O Qa5 15.Rh3 Bf6
16.Rxh6 O-O-O 17.Kb1 Nxa4 18.Nxa4 Qxa4 19.Qc3 a5 20.Qc4 Qxc4 21.Bxc4 Be8
22.Ne2 Kc7 23.Bd4 Bxd4 24.Nxd4 b5 25.Ba2 c5 26.Ne2 c4 27.h4 Bc6 28.g5 Rdg8
29.b3 Nf8 30.Rxh8 Rxh8 31.bxc4 b4 32.Nd4 Rxh4 33.Nb5+ Bxb5 34.cxb5 Rf4 35.b6+ Kxb6
36.Rxd6+ Kc7 37.Rf6 Rxf6 38.gxf6 Nd7 39.Bxf7 g5 40.Kb2 Kd6 41.Kb3 Ke5 42.Ka4 Kxf6
43.Bh5 Nc5+ 44.Kxa5 b3 45.cxb3 Nxb3+ 46.Kb4 Nd4 47.Kc4 Ke5 48.Kd3  1/2-1/2

[Event "TCh-AUT 1st Bundesliga 2012"]
[Site "Jenbach AUT"]
[Date "2012.04.21"]
[Round "10.6"]
[White "Gattermayer,R"]
[Black "Hatzl,S"]
[Result "0-1"]
[WhiteElo "2026"]
[BlackElo "2162"]

1.e4 d6 2.d4 Nf6 3.Nc3 e5 4.dxe5 dxe5 5.Qxd8+ Kxd8 6.Bc4 Ke8 7.Nf3 Bd6 8.Bg5 Nbd7
9.O-O-O a6 10.Bb3 h6 11.Bh4 b5 12.Rhe1 g5 13.Bg3 Kf8 14.Nd5 Kg7 15.h3 Nxd5
16.Bxd5 Rb8 17.Bc6 f6 18.h4 Nb6 19.Nd2 Be6 20.Kb1 Nc8 21.Nf1 Ne7 22.Bd5 Bxd5
23.exd5 Rbd8 24.Re2 Bc5 25.Red2 Rd7 26.b3 b4 27.Ne3 Rhd8 28.hxg5 hxg5 29.Kc1 Bd4
30.Rxd4 exd4 31.Rxd4 c5 32.Rc4 Nxd5 33.Rxc5 Nxe3 34.fxe3 Rd1+ 35.Kb2 Rg1
36.Rc4 a5 37.Bh2 Rh1 38.a3 bxa3+ 39.Kxa3 Rxh2 40.Ka4 Rxg2 41.Kxa5 Re2 42.e4 Re8
43.b4 R2xe4 44.Rc7+ R8e7  0-1

[Event "7th Open d'Angers"]
[Site "Angers FRA"]
[Date "2012.04.22"]
[Round "6"]
[White "Picard,Re"]
[Black "Egreteau,E"]
[Result "1-0"]
[WhiteElo "2090"]
[BlackElo "2056"]

1.e4 d6 2.d4 Nf6 3.Nc3 Nbd7 4.g4 h6 5.h3 c6 6.Nge2 e5 7.Bg2 b5 8.a3 Rb8 9.O-O Qc7
10.Be3 g6 11.f4 Be7 12.Qd2 h5 13.g5 exf4 14.Nxf4 Nh7 15.Nd3 O-O 16.Bf4 Nb6
17.e5 Nc4 18.Qc1 dxe5 19.dxe5 Be6 20.Ne4 Rfd8 21.b3 Na5 22.Nb4 Kg7 23.Kh1 Ra8
24.h4 Nf8 25.Nd6 Qb6 26.Be3 c5 27.Nd5 Bxd5 28.Bxd5 Nc6 29.Rxf7+ Kh8 30.Qb2 Bxd6
31.exd6+ Nd4 32.Rb7  1-0

[Event "34th ch-ITA Seniors 2012"]
[Site "Arvier ITA"]
[Date "2012.04.22"]
[Round "9.1"]
[White "Valenti,G"]
[Black "Colombo,P"]
[Result "1/2-1/2"]
[WhiteElo "2138"]
[BlackElo "2119"]

1.e4 d6 2.d4 Nf6 3.Nc3 c6 4.f4 Qa5 5.Bd2 e5 6.Nf3 Nbd7 7.a3 Qb6 8.Na4 Qc7
9.Nc3 Qb6 10.Na4 Qc7  1/2-1/2

[Event "Grand Congress Open"]
[Site "Bournemouth ENG"]
[Date "2012.04.22"]
[Round "4.18"]
[White "Kalaiyalahan,Akshaya"]
[Black "Gregory,K"]
[Result "1/2-1/2"]
[WhiteElo "1640"]
[BlackElo "2057"]

1.e4 d6 2.d4 Nf6 3.Nc3 Nbd7 4.Nf3 e5 5.Bc4 Be7 6.h3 c6 7.a3 O-O 8.O-O b5
9.Ba2 a6 10.g4 Bb7 11.Re1 Ne8 12.Ne2 c5 13.d5 c4 14.Ng3 g6 15.Bh6 Ng7 16.Kg2 f6
17.Rh1 Nc5 18.Nd2 Rf7 19.f3 Bf8 20.h4 Na4 21.Qc1 c3 22.bxc3 Nxc3 23.Bb3 Rc8
24.h5 g5 25.Bxg7 Rxg7 26.Nf5 Rgc7 27.Qe1 a5 28.Ne3 a4 29.Ba2 Rc5 30.Nb1 Qb6
31.Rh2 R5c7 32.Kg3 Ba6 33.Nd2 Qa7 34.Ndf1 h6 35.Nf5 Kh7 36.N1e3 Qc5 37.Qc1 Rb8
38.Qb2 b4 39.axb4 Qxb4 40.Qxb4 Rxb4 41.Nd1 Ne2+ 42.Kh3 Nf4+ 43.Kg3 Ne2+ 44.Kh3 Rxc2
45.Nde3 Nf4+ 46.Kg3 Rxh2 47.Kxh2 Rb2+ 48.Kg3 Ne2+ 49.Kh3 Nf4+ 50.Kg3 Ne2+
51.Kh3  1/2-1/2

[Event "Grand Congress Open"]
[Site "Bournemouth ENG"]
[Date "2012.04.22"]
[Round "4.1"]
[White "Howell,D"]
[Black "Williams,Si1"]
[Result "1-0"]
[WhiteElo "2614"]
[BlackElo "2506"]

1.e4 d6 2.d4 Nf6 3.Nc3 Nbd7 4.g4 h6 5.h3 e5 6.Nge2 Be7 7.Be3 c6 8.a4 Nf8
9.Ng3 Ng6 10.Nf5 Bxf5 11.gxf5 Nh4 12.Qe2 d5 13.O-O-O Qa5 14.dxe5 Nxe4 15.Nxe4 dxe4
16.f6 gxf6 17.Qg4 Qxa4 18.Kb1 Ng6 19.e6 h5 20.Qf5 Nh4 21.Qf4 Ng6 22.Qf5 Nh4
23.Qf4 f5 24.Rd7 Qb4 25.Qe5 Ng6 26.Qxf5 fxe6 27.Qxe6 Nf8 28.Qe5 Kxd7 29.Qxh8 Qe1+
30.Bc1 Qxf2 31.Bc4 Qc5 32.Rd1+ Kc7 33.Bf4+ Kb6 34.Qc3 Qb4 35.Be3+ Kc7 36.Bf4+ Kb6
37.Qd4+ Bc5 38.Qxe4 a5 39.Rd3 Ka7 40.Rb3 Qa4 41.Be3 Nd7 42.Bxc5+ Nxc5 43.Qd4 b6
44.Ra3  1-0

[Event "TCh-HUN 2011-12"]
[Site "Budapest HUN"]
[Date "2012.04.22"]
[Round "9"]
[White "Szuk,B"]
[Black "Bodiroga,P"]
[Result "1/2-1/2"]
[WhiteElo "2401"]
[BlackElo "2414"]

1.e4 d6 2.d4 Nf6 3.Nc3 e5 4.dxe5 dxe5 5.Qxd8+ Kxd8 6.Bg5 Be6 7.O-O-O+ Nd7
8.f4 exf4 9.Nge2 h6 10.Bxf6+ gxf6 11.Nxf4 Bd6 12.g3 Be5 13.Nb5 h5 14.Nd4 Bxd4
15.Rxd4 Ke7 16.h4 Rag8 17.Rg1 c6 18.Rb4 b6 19.Be2 Bg4 20.Ra4 a5 21.Ra3 Bxe2
22.Nxe2 Rg4 23.Re3 Nc5 24.e5 f5 25.Rd1 Rd8 26.Rxd8 Kxd8 27.Nf4 Ke7 28.Nxh5 Ne4
29.Nf6 Rxg3 30.Rxg3 Nxg3 31.h5 f4 32.Kd2 Kf8  1/2-1/2

[Event "World Amateur Championship"]
[Site "Neos Marmaras GRE"]
[Date "2012.04.22"]
[Round "9"]
[White "Reyes Rios,Juan Camilo"]
[Black "Musiienko,Danylo"]
[Result "1-0"]
[WhiteElo "1996"]
[BlackElo "1952"]

1.e4 d6 2.d4 Nf6 3.Nc3 e5 4.Nge2 Be7 5.f3 Nbd7 6.Be3 c6 7.Qd2 O-O 8.g4 b5
9.Ng3 Nb6 10.g5 Ne8 11.dxe5 dxe5 12.Qxd8 Bxd8 13.Bc5 Bxg5 14.Bd3 Be6 15.a4 Nc4
16.Bxc4 Bxc4 17.axb5 cxb5 18.b3 Rd8 19.Rd1 Rxd1+ 20.Nxd1 Be6 21.Nc3 Nc7 22.Bxf8 Kxf8
23.Kf2 Bd2 24.Nge2 Ke8 25.Rd1 Bg5 26.Nd5 Nxd5 27.exd5 Bf5 28.c4 Bc2 29.Ra1 Bxb3
30.cxb5 Bd8 31.Nc3 Bb6+ 32.Ke2 Bd4 33.Ra3 Bc4+ 34.Kd2 Kd7 35.Ra4 Bf1 36.Ra1 Bxb5
37.Rb1 Bxc3+ 38.Kxc3 a6 39.Rg1 g6 40.f4 exf4 41.Rg4 Kd6 42.Rxf4 f5 43.Kd4 Bd7
44.Rf3 h5 45.h4 Bb5 46.Rg3 Be8 47.Rb3 Bb5 48.Rb2 Kd7 49.Rg2 f4 50.Rf2 Ke7
51.Rxf4 a5 52.Kc5 Bd7 53.d6+ Ke6 54.Re4+ Kf5 55.Re7 Ba4 56.d7 Bxd7 57.Rxd7  1-0

[Event "ch-BUL 2012"]
[Site "Panagyurishte BUL"]
[Date "2012.04.22"]
[Round "5.6"]
[White "Spasov,V"]
[Black "Janev,E"]
[Result "1-0"]
[WhiteElo "2571"]
[BlackElo "2484"]

1.e4 d6 2.d4 Nf6 3.Nc3 e5 4.Nge2 c6 5.a4 Be7 6.g3 O-O 7.Bg2 Na6 8.O-O Be6
9.h3 Nb4 10.Be3 Qc8 11.Kh2 Re8 12.f4 exd4 13.Nxd4 Bf8 14.Qd2 Bc4 15.Rfe1 c5
16.Ndb5 a6 17.Na3 Be6 18.f5 Bd7 19.Nc4 Qd8 20.Bf4 d5 21.Nxd5 Nfxd5 22.exd5 Rxe1
23.Rxe1 Bxf5 24.Ne3 Bg6 25.d6 Qd7 26.Nd5 Qxa4 27.Nb6  1-0

[Event "3rd LUC Open"]
[Site "Lille FRA"]
[Date "2012.04.23"]
[Round "1.7"]
[White "Mazet,J"]
[Black "Degraeve,JM"]
[Result "0-1"]
[WhiteElo "2141"]
[BlackElo "2569"]

1.d4 d6 2.e4 Nf6 3.Nc3 e5 4.dxe5 dxe5 5.Qxd8+ Kxd8 6.Bc4 Ke8 7.f3 c6 8.Be3 Nbd7
9.a4 a5 10.Nge2 Bc5 11.Kf2 Bxe3+ 12.Kxe3 Ke7 13.Rhd1 g5 14.Rd2 h5 15.Nd1 Nb6
16.Bb3 c5 17.c3 c4 18.Bc2 Be6 19.Kf2 Nfd7 20.Ng3 Nc5 21.Ne3 Rad8 22.Nef5+ Kf6
23.Rxd8 Rxd8 24.Ke1 Nd3+ 25.Bxd3 cxd3 26.Ne3 d2+ 27.Ke2 Bb3 28.Ngf1 Nc4 29.Nd5+ Rxd5
30.exd5 d1=Q+ 31.Rxd1 Bxd1+ 32.Kxd1 Nxb2+ 33.Kc2 Nxa4 34.c4 Nc5 35.Kc3 g4
36.Ng3 gxf3 37.gxf3 h4 38.Ne2 Kf5 39.Kd2 e4 40.Ke3 exf3 41.Kxf3 a4 42.Nd4+ Ke5
43.Nb5 f5 44.Ke3 Ne4 45.Na3 b6 46.Nb1 f4+ 47.Kf3 Ng5+ 48.Ke2 Kd4 49.Na3 Kc5  0-1

[Event "ch-BUL w 2012"]
[Site "Panagyurishte BUL"]
[Date "2012.04.23"]
[Round "4.1"]
[White "Videnova,I"]
[Black "Yordanova,S"]
[Result "1-0"]
[WhiteElo "2301"]
[BlackElo "2116"]

1.e4 d6 2.d4 Nf6 3.Nc3 e5 4.Nf3 Nbd7 5.g4 Nxg4 6.Rg1 Ngf6 7.Bc4 h6 8.dxe5 dxe5
9.Qd3 c6 10.Be3 b5 11.Bb3 b4 12.Qc4 Qa5 13.Ne2 Kd8 14.Qxf7 Nxe4 15.Rd1 Nd6
16.Qe6 Kc7 17.Rxd6 Bxd6 18.Rg6 Kb7 19.Qxd6 Qc7 20.Qxb4+ Nb6 21.a4 Bf5 22.Rg3 Kc8
23.Nh4 Bh7 24.Qg4+ Kb7 25.Qxg7 Nd5 26.Qxc7+ Kxc7 27.Rg7+ Kd6 28.Bxa7 Rag8
29.Rb7 Rg4 30.Nf3 Bf5 31.c4 Bc8 32.Rf7 Ke6 33.cxd5+ Kxf7 34.Nxe5+ Ke8 35.Nxg4 Bxg4
36.dxc6 Kd8 37.Bb6+ Kc8 38.Nd4 Re8+ 39.Kd2 Rf8 40.Nb5 Rf6 41.Bd5  1-0

[Event "ch-BUL 2012"]
[Site "Panagyurishte BUL"]
[Date "2012.04.23"]
[Round "6.1"]
[White "Cheparinov,I"]
[Black "Janev,E"]
[Result "1-0"]
[WhiteElo "2664"]
[BlackElo "2484"]

1.d4 d6 2.e4 Nf6 3.Nc3 e5 4.Nf3 Nbd7 5.Bc4 Be7 6.O-O O-O 7.a4 exd4 8.Qxd4 Nb6
9.Be2 a5 10.b3 Nfd7 11.Be3 Nc5 12.Rad1 Be6 13.Qd2 c6 14.Nd4 Qc8 15.f4 f5
16.Bf3 fxe4 17.Nxe4 Bd5 18.Ng3 Bxf3 19.Nxf3 Nd5 20.Bxc5 dxc5 21.Ne5 Qc7 22.Qd3 Bf6
23.Qc4 Bxe5 24.fxe5 Qxe5 25.Rfe1 Qc3 26.Ne4 Qxc4 27.bxc4 Nb4 28.Nxc5 Nxc2
29.Re2 Na3 30.Ne6 Rae8 31.Rde1 Rf6 32.c5 h6 33.g3 Nc4 34.Kg2 b5 35.axb5 cxb5
36.c6 Rc8 37.c7 a4 38.Rd1 Kf7 39.Rd7+ Kg6 40.Rxg7+ Kh5 41.Kh3  1-0

[Event "ch-SRB 2012"]
[Site "Vrnjacka Banja SRB"]
[Date "2012.04.23"]
[Round "1"]
[White "Perunovic,Mil"]
[Black "Bodiroga,P"]
[Result "1-0"]
[WhiteElo "2582"]
[BlackElo "2397"]

1.e4 d6 2.d4 Nf6 3.Nc3 e5 4.Nf3 Nbd7 5.Bc4 Be7 6.O-O O-O 7.a4 a6 8.a5 h6
9.Re1 exd4 10.Nxd4 Ne5 11.Bf1 c5 12.Nf5 Bxf5 13.exf5 Qd7 14.Nd5 Nxd5 15.Qxd5 Qc6
16.Rd1 Rad8 17.Bf4 Qc8 18.g3 Bg5 19.Bxg5 hxg5 20.Bg2 Rd7 21.f6 Qd8 22.fxg7 Kxg7
23.Ra3 g4 24.Re3 Re8 25.h3 f5 26.hxg4 fxg4 27.b4 cxb4 28.Rd4 Qg5 29.Rxb4 Ree7
30.Qd1 Kh8 31.Rd4 Re6 32.c4 Rde7 33.Rd5 Qf6 34.Re4 Nf3+ 35.Bxf3 Rxe4 36.Bxe4 Rxe4
37.Rxd6 Re1+ 38.Qxe1 Qxd6 39.Qe4 Qd7 40.Qd5 Qg7 41.Kg2 Kh7 42.c5 Kh6 43.c6 bxc6
44.Qxc6+  1-0

[Event "Russian Junior Girls 2012"]
[Site "Sochi RUS"]
[Date "2012.04.26"]
[Round "9"]
[White "Belenkaya,D"]
[Black "Petrova,O"]
[Result "1-0"]
[WhiteElo "2229"]
[BlackElo "2250"]

1.e4 d6 2.d4 Nf6 3.Nc3 c6 4.Nf3 Bg4 5.h3 Bh5 6.Qe2 e6 7.g4 Bg6 8.h4 h5 9.g5 Nfd7
10.Bh3 Be7 11.Be3 d5 12.exd5 cxd5 13.O-O O-O 14.Bf4 Nc6 15.Nd1 Nb4 16.Ne3 Rc8
17.Ne1 Nb6 18.c3 Nc6 19.Bg3 Bd6 20.N1g2 Bxg3 21.fxg3 Qd6 22.Nf4 Rce8 23.Neg2 e5
24.Nxg6 exd4 25.Qxh5 fxg6 26.Rxf8+ Rxf8 27.Qg4 dxc3 28.bxc3 Qc5+ 29.Kh1 Qxc3
30.Re1 Nd4 31.h5 gxh5 32.Qxh5 Qd3 33.Re3 Rf1+ 34.Kh2 Nf3+ 35.Rxf3 Rxf3 36.Qe8+ Kh7
37.Be6  1-0

[Event "ch-SRB 2012"]
[Site "Vrnjacka Banja SRB"]
[Date "2012.04.26"]
[Round "4"]
[White "Miladinovic,I"]
[Black "Indjic,A"]
[Result "0-1"]
[WhiteElo "2555"]
[BlackElo "2430"]

1.d4 d6 2.e4 Nf6 3.Nc3 e5 4.dxe5 dxe5 5.Qxd8+ Kxd8 6.f4 Bb4 7.Bd2 exf4 8.Nf3 Be6
9.a3 Bxc3 10.Bxc3 Nbd7 11.Bd3 Rg8 12.O-O-O Ng4 13.Rd2 f6 14.e5 Ngxe5 15.Bxh7 Rh8
16.Bxe5 fxe5 17.Be4 Ke7 18.Bxb7 Rad8 19.Re1 Kf6 20.b4 Bg4 21.Rd5 g5 22.Nxe5 Nxe5
23.Rdxe5 Rxh2 24.Ra5 Bc8 25.Ra6+ Kf5 26.Be4+ Kg4 27.Rxa7 Kg3 28.Rxc7 Re8
29.Re2 Bg4 30.Rc3+ Kh4 31.Re1 Bf5 32.Rc4 Kg3 33.b5 Rxg2 34.b6 f3 35.b7 Bxe4
36.Rexe4 Rb8 37.Re7 f2 38.Rc3+ Kg4 39.Rc4+ Kh5 40.Rf7 Rxb7  0-1

[Event "ch-BUL 2012"]
[Site "Panagyurishte BUL"]
[Date "2012.04.27"]
[Round "10.3"]
[White "Delchev,A"]
[Black "Janev,E"]
[Result "1-0"]
[WhiteElo "2622"]
[BlackElo "2484"]

1.d4 d6 2.e4 Nf6 3.Nc3 e5 4.Nf3 Nbd7 5.Bc4 Be7 6.O-O O-O 7.Re1 Nb6 8.Bf1 exd4
9.Nxd4 c6 10.a4 a5 11.Qf3 Ng4 12.Nf5 Bxf5 13.Qxf5 Ne5 14.f4 Ng6 15.Rd1 Qc7
16.Be3 Bf6 17.Bd4 Bxd4+ 18.Rxd4 Nc8 19.Rad1 Qb6 20.b3 Nce7 21.Qg5 f5 22.Bc4+ Kh8
23.Kh1 Rad8 24.Be6 fxe4 25.f5 d5 26.h3 h6 27.Qg3 Rxf5 28.Nxe4 Re5 29.Bf7 Nf5
30.Qxg6 Ne7 31.Qg4 c5 32.R4d2 Rxe4 33.Qxe4 dxe4 34.Rxd8+ Kh7 35.R8d6 Qc7
36.Re6 g5 37.Be8 Kg8 38.Rf1 Qd8 39.Bf7+ Kg7 40.Bh5 Ng8 41.Rf7+ Kh8 42.Bg6  1-0

[Event "TCh-ITA 2012"]
[Site "Arvier ITA"]
[Date "2012.04.28"]
[Round "3"]
[White "Codenotti,M"]
[Black "Mazzilli,P"]
[Result "0-1"]
[WhiteElo "2328"]
[BlackElo "2340"]

1.e4 d6 2.d4 Nf6 3.Nc3 c6 4.f4 Qa5 5.e5 Ne4 6.Bd2 Nxd2 7.Qxd2 Bf5 8.Nf3 e6
9.h3 d5 10.g4 Bg6 11.Bd3 Bxd3 12.Qxd3 c5 13.f5 Be7 14.dxc5 Nd7 15.Qb5 Qc7
16.O-O-O O-O 17.Nd4 Nxc5 18.Qe2 a6 19.Kb1 b5 20.Qe3 b4 21.Nce2 Rac8 22.Ng3 Bh4
23.Nh5 Ne4 24.f6 Bf2 25.Qc1 Qxe5 26.Nf3 Qc7 27.fxg7 Rfd8 28.Ng5 Bh4 29.Nxe4 dxe4
30.Rxd8+ Rxd8 31.g5 Qe5 32.Rg1 e3 33.Nf6+ Kxg7 34.Ng4 Qe4 35.Qxe3 Qxe3 36.Nxe3 Bf2
37.Rd1 Rxd1+ 38.Nxd1 Bc5 39.a3 bxa3 40.b3 Kg6 41.Nc3 Be7 42.h4 Kf5 43.Ka2 a5  0-1

[Event "TCh-CHN 2012"]
[Site "Beijing CHN"]
[Date "2012.04.28"]
[Round "1"]
[White "Gao Rui"]
[Black "Wang Rui"]
[Result "0-1"]
[WhiteElo "2417"]
[BlackElo "2407"]

1.e4 d6 2.d4 Nf6 3.Nc3 e5 4.Nf3 Nbd7 5.Bc4 Be7 6.O-O O-O 7.Re1 c6 8.a4 a5
9.h3 h6 10.Ba2 Re8 11.dxe5 dxe5 12.Nh4 Bb4 13.Qf3 Nf8 14.Nf5 Bxf5 15.exf5 N8d7
16.Bd2 Qe7 17.Rad1 Rad8 18.Qg3 Kf8 19.Bc1 Nb6 20.Rxd8 Qxd8 21.Rd1 Qc7 22.Qd3 e4
23.Qd4 Nbd7 24.Ne2 Bc5 25.Qc4 Re7 26.Qb3 Nd5 27.c4 e3 28.f3 Nf4 29.Qc2 Nxe2+
30.Qxe2 Qg3 31.Rf1 Bd6 32.f4 Bxf4 33.Rxf4 Qxf4 34.Bb1 Nc5 35.Bc2 Qd4 36.Kh2 Na6
37.Bb1 Nb4 38.b3 Qe5+ 39.g3 Qa1  0-1